Détente and confrontation: american-soviet relations form Nixon to Reagan

Enregistré dans:
Détails bibliographiques
Auteur principal: Garthoff, Raymond L (Auteur)
Format: Livre
Langue:anglais
Publié: Washington, D.C The Books Institution 1985
Sujets:
Tags: Ajouter un tag
Pas de tags, Soyez le premier à ajouter un tag!

MARC

LEADER 00000nam a2200000 a 4500
001 UCN8428
003 CL-VaPUC
008 011109e19850000US |||||||||||||||||eng|d
082 0 4 |a 327.73047  |b GAR  |2 21 
100 0 |a Garthoff, Raymond L  |e author  |9 464647 
245 1 0 |a Détente and confrontation: american-soviet relations form Nixon to Reagan 
300 |a 1147 p 
942 |c BK 
945 |d 20011109 00:00:00  |a crobeson 
260 |a Washington, D.C  |b The Books Institution  |c 1985 
650 0 |a Relaciones Internacionales  |9 255740 
650 0 |a Política internacional  |9 255813 
650 7 |a CARRERA ARMAMENTISTA  |2 CL-VaPUC  |9 464648 
651 0 |a Estados Unidos  |9 255178 
651 0 |a Unión Soviética  |9 256769 
583 |a last modification  |c 20011109 00:00:00  |k Rodrigo Vera 
999 |c 298322  |d 298320 
952 |0 0  |1 0  |4 0  |6 327_730470000000000_GAR_1985  |7 0  |8 A  |9 353833  |a BIBGIM  |b BIBGIM  |d 2019-11-21  |i 3614077  |o 327.73047 GAR 1985  |p 3614077  |r 2025-01-15  |w 2019-11-21  |y BK  |k ORI